Tous les Pokémon de type normal - Statistiques

Statistiques générales
  • Ce quiz a été pris 24 fois
  • Le résultat moyen est 82 sur 137
Statistiques - réponses
Hint Réponse % Correct
Normal/Vol Roucool
100%
Normal/Vol Roucarnage
94%
Normal/Vol Roucoups
94%
Normal/Vol Etouraptor
88%
Normal/Vol Etourmi
88%
Normal/Vol Etourvol
88%
Normal Evoli
88%
Normal Ronflex
88%
Normal Goinfrex
81%
Normal Kangourex
81%
Normal Leuphorie
81%
Normal Leveinard
81%
Normal Rattata
81%
Normal Rattatac
81%
Normal/Ténèbres* Rattatac d'Alola
81%
Normal/Ténèbres* Rattata d'Alola
81%
Normal/Vol Canarticho
75%
Normal/Eau Castorno
75%
Normal/Vol Déflaisan
75%
Normal/Dragon Draîeul
75%
Normal Fouinar
75%
Normal Fouinette
75%
Normal/Fée Grodoudou
75%
Normal/Vol Hélédelle
75%
Normal Keunotor
75%
Normal Linéon
75%
Normal/Ténèbres* Linéon de Galar
75%
Normal Miaouss
75%
Normal Miradar
75%
Normal Persian
75%
Normal/Vol Piafabec
75%
Normal/Vol Poichigeon
75%
Normal/Vol Rapasdepic
75%
Normal Ratentif
75%
Normal/Fée Rondoudou
75%
Normal Tauros
75%
Normal Zigzaton
75%
Normal/Ténèbres* Zigzaton de Galar
75%
Normal/Spectre* Zorua de Hisui
75%
Normal/Vol Dodrio
69%
Normal/Vol Doduo
69%
Normal Ecrémeuh
69%
Normal/Feu Hélionceau
69%
Normal/Vol Hoothoot
69%
Normal/Ténèbres Ixon
69%
Normal Métamorph
69%
Normal Monaflémit
69%
Normal/Feu Némélios
69%
Normal/Vol Nirondelle
69%
Normal/Vol Noarfang
69%
Normal Parecool
69%
Normal/Vol Passerouge
69%
Normal Porygon
69%
Normal Porygon-2
69%
Normal Porygon-Z
69%
Normal Ptiravi
69%
Normal/Fée Toudoudou
69%
Normal/Spectre* Zoroark de Hisui
69%
Normal Arceus
63%
Normal/Vol Colombeau
63%
Normal Coudlangue
63%
Normal/Sol Excavarenne
63%
Normal Excelangue
63%
Normal/Electrik Galvaran
63%
Normal/Psy Girafarig
63%
Normal Mastouffe
63%
Normal/Combat Nounourson
63%
Normal Ponchien
63%
Normal Ponchiot
63%
Normal Queulorior
63%
Normal Teddiursa
63%
Normal/Sol Ursaking
63%
Normal Ursaring
63%
Normal Vigoroth
63%
Normal/Fée Azurill
56%
Normal/Vol Bazoucan
56%
Normal/Combat Chelours
56%
Normal Delcatty
56%
Normal/Psy Farigiraf
56%
Normal Frison
56%
Normal/Plante Haydaim
56%
Normal/Electrik Iguolta
56%
Normal/Dragon Motorizard
56%
Normal/Vol Picassaut
56%
Normal Sapereau
56%
Normal Skitty
56%
Normal/Poison Tag-Tag
56%
Normal/Plante Vivaldaim
56%
Normal Argouste
50%
Normal Brouhabam
50%
Normal Chuchmur
50%
Normal Fragroin
50%
Normal Gourmelet
50%
Normal Laporeille
50%
Normal Lockpin
50%
Normal/Vol Piclairon
50%
Normal/Vol Pijako
50%
Normal Ramboum
50%
Normal Regigigas
50%
Normal Rongourmand
50%
Normal Rongrigou
50%
Normal/Plante Arboliva
44%
Normal Capidextre
44%
Normal Capumain
44%
Normal/Psy Cerbyllin
44%
Normal Cerfrousse
44%
Normal Chaffreux
44%
Normal Chaglam
44%
Normal Famignol
44%
Normal Kecleon
44%
Normal Manglouton
44%
Normal Mangriff
44%
Normal Moumouflon
44%
Normal Moumouton
44%
Normal Nanméouie
44%
Normal Pashmilla
44%
Normal Silvallié
44%
Normal Type0
44%
Normal Chinchidou
38%
Normal Compagnol
38%
Normal Couafarel
38%
Normal Deusolourdo
38%
Normal Dodoala
38%
Normal/Vol Furaiglon
38%
Normal/Psy Gouroutan
38%
Normal/Vol Gueriaigle
38%
Normal Insolourdo
38%
Normal Morphéo
38%
Normal/Plante Olivado
38%
Normal/Plante Olivini
38%
Normal/Vol Tapatoès
38%
Normal/Poison Gribouraigne
31%
Normal/Psy Meloetta
31%
Normal/Vol Tylton
31%
Normal Spinda
25%
Normal/Psy Wimessir
25%
Normal Terapagos
19%
Aucun quiz correspondant
Distribution des résultats
% des personnes avec chaque résultat
Percentile par nombre de réponses
Votre historique - résultats
Vous n’avez pas pris ce quiz